La seguridad internacional y la lucha contra el terrorismo a cinco años del 11 de setiembre /

Sparad:
Bibliografiska uppgifter
Huvudupphovsman: Rosas, María Cristina
Materialtyp: Text
Ämnen:
Taggar: Lägg till en tagg
Inga taggar, Lägg till första taggen!

MARC

LEADER 00000 a a2200000 04500
001 3620
003
040
100 |a Rosas, María Cristina  
245 |a La seguridad internacional y la lucha contra el terrorismo a cinco años del 11 de setiembre /  |c María Cristina Rosas 
650 |a TERRORISMO  
650 |a MILITARISMO  
650 |a DESARROLLO HUMANO  
650 |a SEGURIDAD  
650 |a GUERRA  
650 |a DEMOCRACIA  
650 |a ESTADOS UNIDOS  
650 |a IRAK  
650 |a MILITARES  
773 |g volumen 56, número 9; páginas 740-761  
999 |c 38826  |d 38826